U.S.A. States - Map Quiz - Statistics

General Stats
  • This quiz has been taken 940 times
  • The average score is 11 of 15
Answers on the Map
Answers color-coded by a green-red scale on the quiz's map according to % correct below.
 
Answer Stats
Answer % Correct
Alaska
94%
Florida
87%
California
85%
Hawaii
83%
Arizona
76%
Colorado
76%
Idaho
76%
Georgia
74%
Connecticut
73%
Delaware
72%
Illinois
67%
Arkansas
65%
Alabama
64%
Indiana
63%
Iowa
63%
No matching quizzes found
Score Distribution
Percent of People with Each Score
Percentile by Number Answered
Your Score History
You have not taken this quiz